Départements du Grand Est (Click) - Statistiques

Statistiques générales
  • Ce quiz a été pris 613 fois
  • Le résultat moyen est 7 sur 10
Statistiques - réponses
Hint Réponse % Correct

Bas-Rhin
80%

Haut-Rhin
80%

Meurthe-et-Moselle
74%

Vosges
74%

Ardennes
73%

Moselle
72%

Aube
61%

Meuse
61%

Marne
58%

Haute-Marne
55%
Aucun quiz correspondant
Distribution des résultats
% des personnes avec chaque résultat
Percentile par nombre de réponses
Votre historique - résultats
Vous n’avez pas pris ce quiz